| 000 -LEADER |
| fixed length control field |
00737pab a2200169 454500 |
| 008 - FIXED-LENGTH DATA ELEMENTS--GENERAL INFORMATION |
| fixed length control field |
180718b2006 xxu||||| |||| 00| 0 eng d |
| 100 ## - MAIN ENTRY--PERSONAL NAME |
| Personal name |
Singh, Shekhar |
| 245 ## - TITLE STATEMENT |
| Title |
Administrative reforms commission and right to information |
| 260 ## - PUBLICATION, DISTRIBUTION, ETC. |
| Date of publication, distribution, etc. |
2006 |
| 300 ## - PHYSICAL DESCRIPTION |
| Extent |
p.4110-113. |
| 362 ## - DATES OF PUBLICATION AND/OR SEQUENTIAL DESIGNATION |
| Dates of publication and/or sequential designation |
30 Sep |
| 520 ## - SUMMARY, ETC. |
| Summary, etc. |
The Administrative Reforms Commisison's recommendations on the RTI Act do not seem to be aimed at giving it more teeth. On the contrary, having failed to have in-depth consultation with groups working to promote RTI, it has actually arrived at avoidable conclusions. - Reproduced. |
| 650 ## - SUBJECT ADDED ENTRY--TOPICAL TERM |
| Topical term or geographic name entry element |
Administrative Reforms Commission |
| 650 ## - SUBJECT ADDED ENTRY--TOPICAL TERM |
| Topical term or geographic name entry element |
Right to information |
| 773 ## - HOST ITEM ENTRY |
| Main entry heading |
Economic and Political Weekly |
| 909 ## - |
| -- |
71967 |